All Countries at an RLCS LAN - Statistics

General Stats
  • This quiz has been taken 85 times
  • The average score is 29 of 36
Answer Stats
Continent # Country % Correct
Europe 112 France
99%
Sub-Saharan Africa 1 Réunion
99%
North America 236 United States
99%
North America 39 Canada
97%
Europe 71 England
97%
South America 106 Brazil
94%
Europe 17 Germany
94%
Asia-Pacific 11 Japan
94%
Europe 36 Spain
93%
South America 5 Argentina
91%
Oceania 107 Australia
91%
Europe 15 Belgium
91%
Middle East & North Africa 68 Saudi Arabia
89%
Europe 31 Netherlands
87%
Europe 6 Portugal
87%
Europe 11 Scotland
87%
South America 8 Chile
86%
Middle East & North Africa 16 Morocco
86%
Oceania 12 New Zealand
86%
Sub-Saharan Africa 16 South Africa
86%
Europe 4 Italy
83%
Europe 8 Poland
79%
Europe 9 Sweden
79%
Europe 1 Wales
79%
Europe 9 Finland
76%
Europe 10 Ireland
76%
Europe 3 Norway
74%
Asia-Pacific 5 Indonesia
73%
Europe 8 Denmark
69%
Europe 3 Austria
63%
Asia-Pacific 1 India
63%
Asia-Pacific 5 Malaysia
63%
Europe 1 Switzerland
63%
Asia-Pacific 2 Thailand
61%
Asia-Pacific 1 Singapore
53%
Europe 2 Iceland
43%
No matching quizzes found
Score Distribution
Percent of People with Each Score
Percentile by Number Answered
Your Score History
You have not taken this quiz